[Event "17th Delhi GM Open 2019"]
[Site "Delhi"]
[Date "2019.01.13"]
[Round "7"]
[White "Muthaiah AL"]
[Black "Pantsulaia, Levan"]
[Result "0-1"]
[WhiteElo "2406"]
[BlackElo "2597"]
[Annotator "TA"]
[PlyCount "108"]
[EventDate "2019.01.09"]
[EventType "swiss"]
[EventCountry "IND"]
[SourceTitle "playchess.com"]
[Source "ChessBase"]
[SourceQuality "1"]

{[%evp 11,108,19,8,-20,5,-15,7,0,-11,-15,-22,-18,-10,-26,-18,-38,-41,-37,0,-40,-56,-69,-69,-70,-39,-31,0,-25,-43,-46,-39,-26,-28,-23,-25,-33,-33,-59,-66,-78,-68,-133,-122,-177,-165,-143,-141,-142,-141,-243,-114,-105,-20,-27,-29,-135,-41,-113,-119,-116,-125,-99,-108,-106,-105,-222,-222,-222,-210,-318,-301,-1347,-1365,-2060,-2050,-1829,-1686,-3349,-3181,-2458,-833,-2221,0,-2190,-1973,-1754,-1172,-1297,-1164,-29968,-29969,-29974,-29970,-29981,-29982,-29984,-29985,-29985,-29986]} 1. d4 Nf6 2. Nf3 {[%cal Bg1f3,Bf3d2,Bd2e4][%mdl 32]} c5 3. d5 g6 4. Nc3 Bg7 5. e4 O-O 6. h3 d6 {LiveBook: 180 Games} 7. Nd2 {A43: Schmid Benoni} e6 8. Be2 exd5 9. exd5 {The position is equal.} Na6 10. O-O Nc7 11. Bf3 b5 12. Nde4 Nfe8 $146 ({Predecessor:} 12... Bf5 13. Ng3 b4 14. Nxf5 gxf5 {1-0 (32) Timofeev,A (2598)-Lilov,A (1935) Kazan 2016}) 13. Ne2 Bb7 14. a4 a6 15. c4 bxc4 16. N2c3 Rb8 17. Nd2 Qh4 (17... Bxc3 $5 18. bxc3 Nxd5 $17) 18. Re1 Nf6 {[%cal Rf6d5]} 19. Nde4 Nxe4 $1 ({Don't go for} 19... Ncxd5 $2 20. Nxd5 Nxe4 21. Rxe4 $18) (19... Nfxd5 $2 20. Bg5 $18) 20. Nxe4 {aiming for Bg5.} h6 $1 21. Nxd6 Ba8 22. g3 $1 {[%cal Rg3h4]} Qd8 23. Nxc4 Nxd5 24. Be3 Nxe3 25. Rxe3 Bd4 26. Rb3 ({White should play} 26. Rd3 $1 $15) 26... Qf6 {And now ...Rxb3 would win.} 27. Raa3 (27. Kg2 $17) 27... Rxb3 ({Much less strong is} 27... Bxb2 28. Nxb2 Bxf3 29. Qxf3 $15) 28. Rxb3 {[#]} Bd5 $1 {[%cal Rd5c4][%mdl 512]} 29. Qe2 ({Not} 29. Bxd5 $2 Qxf2+ 30. Kh1 Re8 $19) 29... Be6 30. h4 (30. Kg2 $17 {was called for.}) 30... Re8 (30... g5 $19 {and Black stays clearly on top. Hoping for ...g4!} 31. hxg5 hxg5) 31. Rb6 $17 {[#]} Re7 (31... Kg7 $1 $17 32. Nd6 Re7) 32. Kg2 Kg7 33. Rxa6 {[#]} (33. a5 $1 $11) 33... h5 ({Black should try} 33... Qf5 $1 $17 {[%cal Rf5h3] White must now prevent ...Qh3+.} 34. Rxe6 Rxe6) 34. b3 (34. Rc6 $15) 34... Qf5 $36 {[%mdl 2048] ...Qh3+ is the strong threat. Black is really pushing.} 35. Rxe6 Rxe6 36. Qd1 Rf6 37. a5 Qe6 38. Qd3 (38. Nb6 $17) 38... Qe1 $19 39. Qc2 Kg8 40. Qa2 (40. Nb6 {is a better defense.}) 40... Qc3 41. Nd2 $2 (41. Qe2) 41... Qd3 42. Kg1 Rxf3 43. Nxf3 Qxf3 44. a6 Qxg3+ {[%mdl 64] Double Attack} 45. Kf1 Qd3+ 46. Kg1 Qg3+ 47. Kf1 Qxh4 48. a7 Qh1+ 49. Ke2 Qa8 50. Kd3 h4 {[%cal Bh5h4,Bh4h3,Bh3h2][%mdl 32] Black mates.} 51. Qa5 Bxf2 52. Ke2 Bg3 53. Qxc5 h3 54. Qe3 h2 {Accuracy: White = 37%, Black = 55%.} 0-1

[Event "17th Delhi GM Open 2019"]
[Site "Delhi"]
[Date "2019.01.13"]
[Round "7"]
[White "Sardana, Rishi"]
[Black "Singh, S. Vikramjit"]
[Result "1-0"]
[WhiteElo "2398"]
[BlackElo "2214"]
[Annotator "TA"]
[PlyCount "69"]
[EventDate "2019.01.09"]
[EventType "swiss"]
[EventCountry "IND"]
[SourceTitle "playchess.com"]
[Source "ChessBase"]
[SourceQuality "1"]

{[%evp 18,69,43,44,53,47,58,47,74,61,76,53,60,62,68,55,235,234,256,243,193,190,189,190,208,181,197,185,260,233,283,305,351,358,331,348,358,315,338,336,461,452,1130,1127,1289,1282,1276,1264,1264,1236,1116,1155,29990,29991]} 1. e4 b6 2. d4 Bb7 3. Nd2 e6 4. Ngf3 c5 5. c3 Nf6 6. Bd3 d5 {B00: Queen's Fianchetto Defence, Nimzowitsch Defence} (6... Nc6 7. a3 d5 8. e5 c4 9. Bxc4 dxc4 10. exf6 gxf6 11. Nxc4 Rg8 12. Bf4 Rxg2 13. Bg3 Ne5 14. Nfxe5 fxe5 15. Qa4+ {1-0 (34) Khamrakulov,D (2489)-Gabuzyan,H (2556) Greensboro 2018}) 7. e5 Nfd7 8. O-O Be7 9. Re1 Nc6 10. Nf1 {[%cal Bd2f1,Bf1g3,Bg3h5][%mdl 32] LiveBook: 12 Games} O-O 11. Ng3 Re8 $146 ({Predecessor:} 11... a5 12. a3 Ba6 13. Bb1 Rc8 14. Qc2 g6 {½-½ (29) Seidl,A (1867)-Hoffman,D ICCF email 2015}) 12. Be3 a5 13. a3 Ba6 14. Bc2 cxd4 15. cxd4 b5 16. Nh5 Nb6 $2 {[#]} (16... g6 $14) 17. Bh6 $18 (17. Qd3 g6 $15) 17... g6 (17... gxh6 18. Qd3 $18) 18. Qd2 f5 ({Weaker is} 18... gxh5 19. Qd3 f5 20. exf6 Kf7 21. Qxh7+ Kxf6 22. Qg7#) 19. Ng7 Qd7 20. Nxe8 Rxe8 21. b3 a4 22. bxa4 bxa4 (22... b4 $142 23. axb4 Bxb4) 23. Reb1 Nc4 24. Qd1 Nxa3 25. Rb6 ({Not} 25. Bxa4 Nxb1 26. Rxb1 Ra8 $14) 25... Bb7 26. Bxa4 Nc4 27. Rb3 Rc8 28. Rab1 Ba6 29. h4 Qa7 (29... Qe8 $142 30. Ra1 Bf8) 30. Bxc6 Rxc6 31. Rb8+ Bc8 {[#]} 32. R1b7 $1 {[%mdl 64] Deflection} Qxb7 33. Rxb7 Bxb7 34. Qa4 Bd8 35. Qb4 {Accuracy: White = 88%, Black = 29%.} 1-0

[Event "17th Delhi GM Open 2019"]
[Site "Delhi"]
[Date "2019.01.13"]
[Round "7"]
[White "Sammed Jaykumar, Shete"]
[Black "Lokesh, N.."]
[Result "1-0"]
[WhiteElo "2395"]
[BlackElo "2133"]
[Annotator "NA"]
[PlyCount "53"]
[EventDate "2019.01.09"]
[EventType "swiss"]
[EventCountry "IND"]
[SourceTitle "playchess.com"]
[Source "ChessBase"]
[SourceQuality "1"]
[TimeControl "5400+30"]

1. e4 {[%emt 0:00:00]} e5 {[%emt 0:00:00]} 2. Nf3 {[%emt 0:00:00]} Nf6 {[%emt 0:00:00]} 3. Nxe5 {[%emt 0:00:00]} d6 {[%emt 0:00:13]} 4. Nf3 {[%emt 0:00:18]} Nxe4 {[%emt 0:00:30]} 5. Bd3 {[%emt 0:00:30]} Nc5 {[%emt 0:00:30]} 6. Be2 {[%emt 0:00:30]} d5 {[%emt 0:00:30]} 7. d4 {[%emt 0:00:30]} Ne6 {[%emt 0:00:30]} 8. O-O {[%emt 0:00:30]} Bd6 {[%emt 0:00:30]} 9. c4 {[%emt 0:00:30]} dxc4 {[%emt 0:19:32]} 10. Bxc4 {[%emt 0:01:31]} O-O {[%emt 0:00:08]} 11. Nc3 {[%emt 0:06:12]} c6 {[%emt 0:11:29]} 12. d5 {[%emt 0:00:30]} cxd5 {[%emt 0:00:30]} 13. Qxd5 {[%emt 0:01:23]} Nc6 {[%emt 0:14:29]} 14. Rd1 {[%emt 0:00:30]} Bc5 {[%emt 0:00:30]} 15. Qh5 {[%emt 0:00:30]} Qa5 {[%emt 0:00:30]} 16. Nd5 {[%emt 0:00:30]} Bxf2+ {[%emt 0:00:30]} 17. Kh1 {[%emt 0:00:30]} Qc5 {[%emt 0:00:30]} 18. b3 {[%emt 0:00:30]} Ncd4 {[%emt 0:00:30]} 19. Ng5 {[%emt 0:00:30]} Nxg5 {[%emt 0:00:30]} 20. Bxg5 {[%emt 0:00:30]} Nf5 {[%emt 0:00:30]} 21. Ne7+ {[%emt 0:00:30]} Kh8 {[%emt 0:00:30]} 22. Rd5 {[%emt 0:00:30]} Qb6 {[%emt 0:00:30]} 23. Nxf5 {[%emt 0:00:30]} g6 {[%emt 0:00:30]} 24. Qh6 {[%emt 0:00:30]} Bxf5 {[%emt 0:00:30]} 25. Rxf5 {[%emt 0:00:30]} f6 {[%emt 0:00:30]} 26. Rf3 {[%emt 0:00:30]} Bd4 {[%emt 0:00:30]} 27. Raf1 {[%emt 0:00:30]} 1-0

[Event "17th Delhi GM Open 2019"]
[Site "Delhi"]
[Date "2019.01.13"]
[Round "7"]
[White "Gusain, Himal"]
[Black "Rozum, Ivan"]
[Result "1/2-1/2"]
[WhiteElo "2371"]
[BlackElo "2589"]
[Annotator "TA"]
[PlyCount "59"]
[EventDate "2019.01.09"]
[EventType "swiss"]
[EventCountry "IND"]
[SourceTitle "playchess.com"]
[Source "ChessBase"]
[SourceQuality "1"]

{[%evp 32,59,0,0,0,0,0,0,26,32,19,2,8,10,0,0,0,0,0,0,0,0,0,0,15,0,0,0,0,0]} 1. e4 c6 2. d4 d5 3. exd5 cxd5 4. Bd3 Nc6 5. c3 Nf6 6. Bf4 Bg4 7. Qb3 Na5 8. Qa4+ Nc6 9. Qb3 Qd7 10. Nd2 e6 11. Ngf3 Bd6 12. Bxd6 Qxd6 13. Qxb7 {B13: Caro-Kann: Exchange Variation and Panov-Botvinnik Attack} (13. O-O O-O 14. Rfe1 Ne7 15. Ne5 Bf5 16. Bf1 Rab8 17. a4 Ne4 18. Nxe4 Bxe4 19. a5 f6 20. Nd3 Bxd3 21. Bxd3 {½-½ (45) Anand,V (2768)-Mamedyarov,S (2801) Saint Louis 2018}) 13... Rb8 14. Qa6 O-O 15. O-O Rb6 16. Qa3 Qxa3 17. bxa3 {LiveBook: 4 Games} Bf5 $146 ({Predecessor:} 17... Bxf3 18. Nxf3 Rc8 19. Rab1 Na5 20. Rxb6 axb6 21. Rc1 Ne8 22. Kf1 Nd6 23. Nd2 {½-½ (21) Plat,V (2543)-Sadhwani,R (2409) Pardubice 2018}) 18. Bxf5 exf5 19. c4 dxc4 20. Nxc4 Ra6 21. Rab1 {The position is equal.} g6 22. Rfc1 Rd8 23. Rb7 Nxd4 24. Nxd4 Rxd4 25. Ne5 Rad6 {[#] ( -> ...Rd1+)} 26. h3 {Strongly threatening Rcc7.} Rd1+ 27. Rxd1 Rxd1+ 28. Kh2 Rd2 29. Rxf7 Nh5 30. g4 1/2-1/2

[Event "17th Delhi GM Open 2019"]
[Site "Delhi"]
[Date "2019.01.13"]
[Round "7"]
[White "Mitrabha, Guha"]
[Black "Movsziszian, Karen"]
[Result "0-1"]
[WhiteElo "2371"]
[BlackElo "2514"]
[Annotator "TA"]
[PlyCount "78"]
[EventDate "2019.01.09"]
[EventType "swiss"]
[EventCountry "IND"]
[SourceTitle "playchess.com"]
[Source "ChessBase"]
[SourceQuality "1"]

{[%evp 19,78,35,27,18,29,16,13,0,0,-27,-16,-83,-83,-61,-28,-111,-102,-111,-91,-160,-141,-137,-135,-261,-221,-358,-219,-221,-226,-214,-215,-220,-202,-238,-261,-248,-217,-206,-204,-203,-161,-156,-148,-141,-145,-171,-166,-154,-146,-166,-110,-146,-140,-144,-137,-151,-141,-118,-132,-134,-137]} 1. d4 c5 2. d5 d6 3. e4 g6 4. Nf3 Bg7 5. Nc3 Nf6 6. Bb5+ Bd7 7. a4 Bxb5 8. axb5 Nbd7 9. O-O O-O 10. Qe2 {A43: Schmid Benoni} (10. h3 Ne8 11. Qe2 Nc7 12. Bf4 Nb6 13. Rfd1 Qd7 14. e5 f6 15. exd6 exd6 16. Ra5 Rfe8 17. Qd3 f5 18. Rda1 {½-½ (40) Navara,D (2725)-Martinovic,S (2550) Tallinn 2016}) 10... Ne8 {LiveBook: 17 Games} 11. Ra2 $146 ({Predecessor:} 11. Bf4 Nc7 12. Qd2 Re8 13. Bh6 Bh8 14. Qf4 Ne5 15. h4 Qd7 16. h5 Nxf3+ 17. Qxf3 Nxb5 18. hxg6 hxg6 19. Nxb5 Qxb5 20. c3 Qxb2 21. Rfc1 Qb5 22. g4 Qc4 23. Kg2 e6 {0-1 (23) Lekic,D (2361)-Martinovic,S (2589) Niksic 2018}) 11... Nc7 12. Bf4 {White has an edge.} Nb6 13. Rd1 Qd7 14. e5 f6 15. e6 (15. Be3 $11) 15... Qe8 $1 $17 16. h4 h6 17. Qd2 (17. Qd3 $11 {remains equal.}) 17... g5 18. Bg3 Qh5 19. Kf1 (19. Rda1 $142) 19... a6 20. bxa6 bxa6 21. Qe2 {[#]} (21. Rda1 $17 {keeps fighting.}) 21... f5 $1 $19 {[%cal Rf5f4] White must now prevent ...f4.} 22. Nd4 (22. Ng1 {was necessary.} Qe8 23. Ra3) 22... Qxe2+ 23. Ndxe2 f4 24. Bh2 Rf5 25. g4 Re5 26. Nxf4 gxf4 27. Bxf4 Rxd5 28. Nxd5 Nbxd5 29. Bd2 Nxe6 30. c3 {intending Bxh6!} Kh7 31. Re1 Be5 32. Ra4 Rb8 33. Bc1 Rb6 34. Ree4 {[#]} Ng7 (34... h5 $1 $19 35. gxh5 Nf6) 35. Ra3 h5 36. f4 Bxc3 37. bxc3 Rb1 38. Re1 hxg4 39. c4 Nb6 {Accuracy: White = 35%, Black = 84%.} 0-1

[Event "17th Delhi GM Open 2019"]
[Site "Delhi"]
[Date "2019.01.13"]
[Round "7"]
[White "Aronyak Ghosh"]
[Black "Paichadze, Luka"]
[Result "0-1"]
[WhiteElo "2353"]
[BlackElo "2583"]
[Annotator "TA"]
[PlyCount "70"]
[EventDate "2019.01.09"]
[EventType "swiss"]
[EventCountry "IND"]
[SourceTitle "playchess.com"]
[Source "ChessBase"]
[SourceQuality "1"]

{[%evp 23,70,37,43,35,37,21,20,7,56,0,25,34,35,37,12,0,0,0,0,0,0,0,0,0,0,0,0,-2,-2,-16,-16,-10,12,-9,-10,-92,-89,-89,-70,-249,-245,-315,-285,-431,-422,-609,-602,-654,-645]} 1. d4 d5 2. Bf4 g6 3. Nf3 Bg7 4. e3 Nf6 5. h3 O-O 6. Be2 c5 7. c3 Nc6 8. Nbd2 {[%cal Bb1d2,Bd2f3,Bf3d4][%mdl 32] D02: 1 d4 d5 2 Nf3 sidelines, including 2...Nf6 3 g3 and 2...Nf6 3 Bf4} Nd7 (8... b6 9. O-O Bb7 10. Ne5 Nd7 11. Nxc6 Bxc6 12. a4 Re8 13. Re1 Qc8 14. Nf3 Qb7 15. b4 cxb4 16. cxb4 b5 17. a5 a6 18. Rc1 {0-1 (46) Zhou,J (2615)-Yu,Y (2759) Tianjin 2018}) 9. O-O e5 10. dxe5 Ndxe5 11. Nxe5 Nxe5 12. Nf3 Nc6 {LiveBook: 10 Games} 13. Qb3 c4 14. Qc2 Bf5 15. Qd2 Re8 $146 16. Rfe1 (16. Rad1 $14) 16... h6 17. Nd4 Be4 18. f3 g5 19. Nxc6 bxc6 20. fxe4 gxf4 21. exf4 Rxe4 22. Bf3 Rxe1+ 23. Rxe1 Qd6 24. Re2 Rd8 25. Qe3 d4 26. Qe7 Qxe7 27. Rxe7 $11 {[%mdl 4096] Endgame KRB-KRB} d3 28. Kf1 ({Much worse is} 28. Rxa7 d2 $17) 28... Rb8 29. Bxc6 (29. Rxa7 $11 Kf8 30. Bh5) 29... Rxb2 $17 30. Re8+ Bf8 {...Rc2 is the strong threat.} 31. Bd5 $2 {[#]} (31. Ke1 $15) 31... Rc2 $19 32. Ke1 Rxc3 {aiming for ...Rc1+.} 33. Kd1 (33. Rc8 $142 Rc1+ 34. Kd2 Rc2+ {[%mdl 64] Double Attack} 35. Ke3) 33... Rc2 {Black is clearly winning.} 34. Rc8 (34. Re3 $142) 34... c3 35. Be4 Kg7 {Accuracy: White = 28%, Black = 61%.} 0-1

[Event "17th Delhi GM Open 2019"]
[Site "Delhi"]
[Date "2019.01.13"]
[Round "7"]
[White "Sharma, Dinesh K."]
[Black "Lugovskoy, Maxim"]
[Result "1-0"]
[WhiteElo "2303"]
[BlackElo "2445"]
[Annotator "TA"]
[PlyCount "119"]
[EventDate "2019.01.09"]
[EventType "swiss"]
[EventCountry "IND"]
[SourceTitle "playchess.com"]
[Source "ChessBase"]
[SourceQuality "1"]

{[%evp 18,119,66,63,89,87,116,134,132,128,134,100,134,119,95,96,93,89,87,87,126,126,127,105,109,106,131,128,143,139,140,113,124,115,137,0,0,0,0,0,0,0,0,0,27,0,5,-27,-24,-33,0,0,0,-33,-22,-24,0,-12,0,0,161,156,80,70,320,275,302,318,312,301,267,278,327,334,365,358,367,367,411,377,756,758,828,644,1348,1542,1699,737,1384,1368,1216,1195,1131,1052,5043,4239,2771,2450,2551,2107,1956,1158,2686,2418]} 1. e4 e6 2. d4 d5 3. Nc3 Bb4 4. e5 c5 5. a3 Bxc3+ 6. bxc3 Qa5 7. Bd2 Qa4 8. Qg4 g6 9. Nf3 {C18: French: 3 Nc3 Bb4: Main line: 7 h4 and 7 Qg4} c4 (9... Nc6 10. Be2 Bd7 11. O-O c4 12. Ra2 O-O-O 13. Bg5 Rf8 14. Qh4 h6 15. Rb1 Rh7 16. h3 f5 17. exf6 Rff7 18. Qg3 Qa5 19. Bf4 Nxf6 20. Nd2 {1-0 (50) Saric,I (2689)-Lupulescu,C (2606) Batumi 2018}) 10. Be2 {[%cal Bf1e2,Be2d1,Bd1c2][%mdl 32] LiveBook: 6 Games} Qxc2 11. O-O {White is better.} h6 12. Bd1 {[%mdl 1024] White has strong compensation.} Qf5 13. Qg3 {And now Rc1 would win.} g5 14. Ne1 $146 ({Predecessor:} 14. Ra2 Qg6 15. Bc2 Qh5 16. Bd1 Qg6 {0-1 (73) Maksimovic,B (2343)-Bruaset,E (2012) Fornebu 2017}) 14... Qg6 15. Bc2 Qg7 16. f4 {[%cal Rf4g5]} g4 17. f5 exf5 18. Bxf5 Bxf5 19. Rxf5 Qg6 {[#]} 20. Qf2 $1 Nd7 21. g3 Ne7 22. Rf4 O-O {[%cal Be8g8,Bg8h7,Bh7g6][%mdl 32]} 23. Ng2 f5 24. Nh4 Qe6 25. Rf1 Kh7 26. Nxf5 (26. a4 $16) 26... Rxf5 27. Rxf5 Nxf5 28. Qxf5+ Qxf5 29. Rxf5 $16 {[%mdl 4096] Endgame KRB-KRN} Kg6 30. Rf1 b5 31. Rb1 a6 32. a4 bxa4 33. Rb4 a3 {[#] Threatens to win with ...Rb8.} 34. Ra4 a5 35. Rxa3 h5 36. Kf2 Kf5 37. Ke3 a4 38. Bc1 Ke6 $2 (38... Nf8 $11 {and Black is okay.}) 39. Ra2 Kf5 40. Ba3 Ke6 $2 (40... Rb8 $1 $14) 41. Kf4 $18 Rg8 42. Bb4 Nb6 43. Bc5 Nd7 44. Bd6 Nb6 45. Bc7 Nd7 46. Rxa4 Rf8+ 47. Kg5 {Hoping for Ra6+.} Rf5+ 48. Kh6 Kf7 $2 (48... Rf7 49. Bd6 (49. Kxh5 Nc5 $16) 49... Rf2) 49. Ra7 {White is clearly winning.} h4 50. gxh4 Rf2 51. Kg5 Ke7 52. Ra6 (52. Bd6+ $142 Ke6 53. Bb4) 52... Rf3 53. Bd6+ Kf7 54. Kxg4 Rf1 55. Bb4 {White wants to mate with e6+.} Nf8 56. Ra7+ Kg6 57. h5+ Kh6 58. Ra6+ Kh7 59. e6 Rg1+ 60. Kf5 {Precision: White = 74%, Black = 38%.} 1-0

[Event "17th Delhi GM Open 2019"]
[Site "Delhi"]
[Date "2019.01.13"]
[Round "7"]
[White "Sarwat, Walaa"]
[Black "Swapnil, S. Dhopade"]
[Result "0-1"]
[WhiteElo "2265"]
[BlackElo "2487"]
[Annotator "TA"]
[PlyCount "166"]
[EventDate "2019.01.09"]
[EventType "swiss"]
[EventCountry "IND"]
[SourceTitle "playchess.com"]
[Source "ChessBase"]
[SourceQuality "1"]

{[%evp 15,166,-44,-43,-78,-67,-64,-73,-88,-70,-58,-26,-47,-55,-94,-105,-83,-116,-89,-62,-73,-60,-69,-49,-76,-50,-52,-60,-49,-49,-70,-66,-82,-84,-115,-111,-113,-114,-105,-104,-119,-119,-110,-118,-133,-130,-130,-135,-133,-119,-123,-125,-134,-125,-129,-127,-135,-135,-135,-135,-135,-135,-135,-97,-134,-139,-137,-131,-137,-116,-139,-109,-115,-108,-130,-129,-123,-98,-106,-109,-129,-113,-155,-145,-140,-112,-152,-154,-182,-183,-163,-164,-159,-143,-181,-173,-170,-168,-163,-167,-180,0,0,0,-181,-153,-181,-122,-116,-128,-174,-168,-162,-80,-80,-81,-145,-155,-151,-141,-245,-222,-222,-209,-219,-193,-348,-343,-303,-262,-222,-156,-130,-95,-755,-773,-1191,-1220,-1119,-710,-685,-616,-4690,-4702,-4662,-4674,-4662,-4658,-4586,-4590,-2646,-2387,-1404,-1363]} 1. e4 c6 2. d4 d5 3. f3 Qb6 4. Nc3 dxe4 5. fxe4 (5. Nxe4 Bf5 6. c3 Nd7 7. Bd3 Bg6 8. Ne2 Ngf6 9. Qb3 O-O-O 10. Bg5 Nxe4 11. Bxe4 Bxe4 12. fxe4 {½-½ (30) Ivanchuk,V (2738)-Navara,D (2737) Prague 2017}) 5... e5 6. dxe5 {B12: Caro-Kann: Advance Variation} Be6 7. Nf3 Nd7 8. Bd3 Ne7 {LiveBook: 3 Games} 9. Qe2 $146 ({Predecessor:} 9. Ng5 Nxe5 10. Nxe6 fxe6 11. Qe2 {0-1 (28) Narmontas,M (2411)-Ruck,R (2561) Tallinn 2016}) 9... Ng6 10. Ng5 Ndxe5 11. Nxe6 fxe6 12. Bc4 O-O-O 13. Bxe6+ Kb8 14. Bb3 Bc5 $1 15. Na4 Qa5+ 16. Bd2 Bb4 17. O-O-O $1 Rxd2 18. Rxd2 {Hoping for Nc3.} Nf4 19. Qf2 Bxd2+ (19... Rf8 $5 {[%cal Rf4d3]} 20. Qd4 Bxd2+ 21. Qxd2 Qxd2+ 22. Kxd2 Nxg2 $15) 20. Qxd2 Qxd2+ 21. Kxd2 Rd8+ 22. Kc1 Nxg2 23. Nc5 Nf4 $1 24. Ne6 Nxe6 25. Bxe6 $17 {[%mdl 4096] Endgame KRB-KRN} Rf8 26. Kd2 Kc7 27. Ke2 Rf4 28. Ke3 Rf6 29. Bg8 Rf3+ 30. Ke2 Rh3 31. Be6 Rh6 32. Bg8 Rh4 33. Ke3 Ng4+ 34. Kf3 Nf6 ({But not} 34... Rxh2 $6 35. Rxh2 Nxh2+ 36. Kg3 $11) 35. Be6 Rxe4 36. Bf5 Rb4 37. b3 g6 38. Bd3 Rh4 39. Kg3 Rg4+ 40. Kf3 Rd4 41. Re1 Kd7 42. Rf1 Nd5 43. Kg3 Ke7 44. a3 Nf6 45. Re1+ Kf8 46. Rf1 Kf7 47. h3 h5 48. h4 Rg4+ 49. Kh3 Ke7 50. Re1+ Kd6 51. Be2 Re4 52. Rd1+ Ke5 53. Bd3 Re3+ 54. Kg2 Ne4 55. Rf1 {[#]} Rg3+ $1 56. Kh2 {And now Bxe4 would win.} Rg4 57. Kh3 Rg3+ $2 (57... Nc3 $19 {...Nd5 is the strong threat.} 58. Bc4 b5 59. Re1+ Ne4) 58. Kh2 $11 {Black should prevent Bxe4.} Rg4 $2 (58... Re3 $11) 59. Kh3 $19 Nc5 60. Rf7 Nxd3 (60... Ne6 $19 {White must now prevent ...Nf4+.} 61. Re7 Kd6 62. Rxb7 Nf4+ 63. Kh2 Rxh4+ 64. Kg3 Rg4+ 65. Kf3 Nxd3 66. cxd3 a5) 61. cxd3 {KR-KR} Rd4 62. Rxb7 Rxd3+ 63. Kg2 Kf5 (63... a5 $19 {has better winning chances.} 64. Rb8 Kd4) 64. Rxa7 $17 Rxb3 65. Ra5+ {[#]} ({White should play} 65. Rf7+ Kg4 66. a4) 65... Rb5 $1 {[%cal Rb5a5]} 66. Ra6 Rc5 67. Rb6 (67. Kh3 $17) 67... Rc2+ 68. Kg3 Rc3+ 69. Kg2 Rc4 70. Kg3 $2 (70. Kh3) 70... Ke5 71. a4 Kd6 ({Inferior is} 71... Rxa4 72. Rxc6 Rg4+ 73. Kh3 $15) 72. a5 Ra4 73. Ra6 Kc5 74. Ra8 $2 {[%mdl 8192]} (74. Kh3 $17) 74... Kb5 $19 {Black is clearly winning.} 75. Kh3 Rxa5 76. Rg8 Ra3+ 77. Kg2 Ra4 78. Rxg6 Rxh4 79. Rh6 c5 80. Kg3 Rg4+ 81. Kf3 Rg5 82. Kf4 Rd5 83. Ke4 Rd4+ {Accuracy: White = 40%, Black = 73%.} 0-1

[Event "17th Delhi GM Open 2019"]
[Site "Delhi"]
[Date "2019.01.13"]
[Round "7"]
[White "Mehdi Hasan Parag"]
[Black "Gajek, Radoslaw"]
[Result "0-1"]
[WhiteElo "2260"]
[BlackElo "2481"]
[Annotator "TA"]
[PlyCount "86"]
[EventDate "2019.01.09"]
[EventType "swiss"]
[EventCountry "IND"]
[SourceTitle "playchess.com"]
[Source "ChessBase"]
[SourceQuality "1"]

{[%evp 22,86,18,15,53,42,48,36,43,34,69,69,85,77,84,66,91,23,21,8,22,0,0,0,0,-21,0,-14,-2,-14,0,-56,-51,-87,-71,-74,-68,-61,-30,-30,-30,-36,-30,-62,-35,-84,-71,-153,-129,-202,-187,-362,-358,-522,-535,-506,-448,-629,-631,-657,-635,-706,-694,-973,-991,-1693,-1696]} 1. e4 c5 2. Nf3 e6 3. d4 cxd4 4. Nxd4 a6 5. Bd3 Bc5 6. Nb3 Ba7 7. Qe2 d6 8. Be3 Nc6 9. Nc3 Nf6 10. f4 e5 {B42: Sicilian: Kan Variation: 5 Bd3} 11. Bxa7 (11. f5 b5 12. O-O-O b4 13. Nd5 Nxd5 14. exd5 Ne7 15. Bxa7 Rxa7 16. Qf2 Rc7 17. f6 gxf6 18. Qxf6 {0-1 (58) Georgiadis,N (2522)-Milov,V (2640) Switzerland 2015}) 11... Rxa7 12. f5 {LiveBook: 9 Games} h5 {The position is equal.} 13. O-O-O b5 14. Qe3 $146 ({Predecessor:} 14. Kb1 Kf8 15. Rhf1 Rh6 16. Nd5 Ra8 17. c3 Rb8 18. Rd2 Nxd5 19. exd5 {1-0 (53) Gara,T (2377)-Schneider,V (2306) Kisvarda 2012}) 14... Rc7 15. Be2 b4 16. Nd5 Nxd5 17. Rxd5 Bb7 18. Rd2 Rh6 19. h4 (19. Rg1 $16) 19... a5 $11 20. Bb5 {[#] Nxa5 is the strong threat.} Kf8 21. Qg5 Qe7 22. Re1 Na7 23. Ba4 Bc6 24. Bxc6 Nxc6 25. Kb1 Rc8 26. Red1 ({White should try} 26. Qxe7+ $11 Kxe7 27. Rd5) 26... Qc7 $15 27. Qe3 a4 $36 {[%mdl 2048] Black is really pushing.} 28. Nc1 Nd4 29. Qd3 a3 30. Nb3 Nc6 31. bxa3 bxa3 32. Qc4 Qa7 33. Qc3 Kg8 34. Rf1 ({White should play} 34. Rc1) 34... Qb8 35. Qg3 (35. Rc1 $17) 35... Nd4 36. Re1 $2 (36. Rc1) 36... Qb4 $19 {[#] And now ...Nxb3 would win.} 37. Red1 (37. Qe3 {keeps fighting.}) 37... Nb5 {[%cal Bd4b5,Bb5c3,Bc3e2][%mdl 32] Black is clearly winning.} 38. Rd3 Qxe4 39. Qe1 (39. Rc1 $142 Rf6 40. Qf3 Qxh4 41. c3) 39... Qc4 40. Rc1 Rf6 41. Qf2 e4 42. Rg3 Nc3+ 43. Ka1 Ne2 {[%mdl 64] Double Attack. Accuracy: White = 32%, Black = 64%.} 0-1